MARC

LEADER 00000nam0a2200000 4500
001 305192
005 20231102001757.0
035 |a (RuTPU)RU\TPU\book\330458 
090 |a 305192 
100 |a 20150924d1983 k y0rusy50 ca 
101 1 |a rus  |c eng 
102 |a RU 
105 |a a z 001zy 
200 1 |a Карбонийионная активность цеолитов  |e пер. с англ.  |f П. Якобс 
210 |a Москва  |c Химия  |d 1983 
215 |a 142 с.  |c ил. 
320 |a Библиогр.: с. 138-139 
606 1 |a Цеолиты  |x Минералогия  |2 stltpush  |3 (RuTPU)RU\TPU\subj\72331  |9 85892 
606 1 |a Каталитические процессы  |2 stltpush  |3 (RuTPU)RU\TPU\subj\31826  |9 54578 
610 1 |a карбонийионная активность 
610 1 |a кристаллохимия 
610 1 |a катализ 
610 1 |a использование 
610 1 |a кислотные центры 
610 1 |a бифункциональные катализаторы 
675 |a 549.67  |v 4 
675 |a 66.097  |v 4 
700 1 |a Якобс  |b П.  |g Петер 
801 1 |a RU  |b 63413507  |c 20150924 
801 2 |a RU  |b 63413507  |c 20160713  |g RCR 
942 |c BK